Statistics for Most Google Reviewed Places by State

Click here to take the quiz!

General Stats

  • This quiz has been taken 7 times
    (2 since last reset)
  • The average score is 10 of 50

Answer Stats

Statetypereviewsplace% Correct
MNshopping center52.4 kMall of America
100%
MEnps17.5 kAcadia
50%
TXmonument52.4 kAlamo
50%
NVresort118.9 kBellagio
50%
VAtheme park32.9 kBusch Gardens
50%
NHtheme park10.5 kCanobie Lake Park
50%
OHtheme park46.3 kCedar Point
50%
NYpark248.6 kCentral Park
50%
MAmarket39.1 kFaneuil Hall
50%
MOmonument32.3 kGateway Arch
50%
MTnps15.3 kGlacier
50%
AZnps56 kGrand Canyon
50%
NCnps46.6 kGreat Smoky Mountains
50%
TNnps46.6 kGreat Smoky Mountains
50%
MImuseum23.7 kHenry Ford
50%
SDmemorial41.6 kMount Rushmore
50%
OKzoo12.4 kOklahoma City
50%
NEzoo37.3 kOmaha Zoo
50%
CAtheme park134.8 kUniversal Studios
50%
IAtheme park7.1 kAdventureland
0%
WIstadium23.3 kAmerican Family Field
0%
KYmuseum27.9 kArk Encounter
0%
MSresort20.5 kBeau Rivage
0%
VTbuilding7 kBen & Jerry's Factory
0%
SCmarket21.7 kCharleston City
0%
DEshopping center15.7 kChristiana Mall
0%
HIfarm26.8 kDole Plantation
0%
GAmuseum63.9 kGeorgia Aquarium
0%
WVnps10.4 kHarpers Ferry
0%
PAtheme park53 kHersheypark
0%
ARnps13 kHot Springs
0%
INzoo17.1 kIndianapolis Zoo
0%
LApark24 kJackson Square
0%
NMmuseum16.5 kMeow Wolf Santa Fe
0%
ILpark72.9 kMillennium Park
0%
CTmuseum13.4 kMystic Aquarium
0%
MDmuseum25.8 kNational Aquarium
0%
WAmarket60.5 kPikes Place
0%
ORstore30.5 kPowell's City of Books
0%
COpark45.5 kRed Rocks
0%
RIzoo9.8 kRoger Williams Park Zoo
0%
KSzoo7.8 kSedgwick County Zoo
0%
IDwater feature8.4 kShoshone Falls
0%
NJtheme park43.6 kSix Flags Great Adventure
0%
NDnps6.1 kTheodore Roosevelt
0%
AKforest6.2 kTongass
0%
ALpark13.3 kUSS Alabama Battleship
0%
FLtheme park236.8 kWalt Disney World Resort
0%
WYnps36.1 kYellowstone
0%
UTpark34.2 kZion
0%

Score Distribution

Percentile by Number Answered

Percent of People with Each Score

Your Score History

You have not taken this quiz since the last reset